Top 5 NBA Players All-Time at Every Position - Statistics

General Stats
  • This quiz has been taken 85 times
  • The average score is 22 of 25
Answer Stats
Rank Team Answer % Correct
PG 2 Warriors Steph Curry
100%
SF 1 Cavs LeBron James
99%
SG 1 Bulls Michael Jordan
96%
C 2 Lakers Shaquille O'Neal
96%
SG 2 Lakers Kobe Bryant
95%
C 1 Lakers Kareem Abdul-Jabbar
93%
PG 1 Lakers Magic Johnson
93%
SG 4 Rockets James Harden
91%
SF 2 Celtics Larry Bird
91%
SF 5 Bulls Scottie Pippen
89%
C 4 Warriors Wilt Chamberlain
89%
PF 4 Mavs Dirk Nowitzki
88%
PF 1 Spurs Tim Duncan
88%
PF 2 Bucks Giannis Antetokounmpo
86%
SF 3 Thunder Kevin Durant
86%
PG 5 Clippers Chris Paul
85%
C 3 Rockets Hakeem Olajuwon
85%
PG 4 Pistons Isiah Thomas
85%
PF 5 Jazz Karl Malone
85%
C 5 Celtics Bill Russell
84%
PF 3 Timberwolves Kevin Garnett
84%
SG 3 Heat Dwayne Wade
82%
PG 3 Kings Oscar Robertson
81%
SG 5 76ers Allen Iverson
76%
SF 4 Nets Julius Erving
73%
No matching quizzes found
Score Distribution
Percent of People with Each Score
Percentile by Number Answered
Your Score History
You have not taken this quiz